| 000 | 00443nam a22001337a 4500 | ||
|---|---|---|---|
| 008 | 160311b xxu||||| |||| 00| 0 eng d | ||
| 020 | _a9350289156 | ||
| 245 |
_aPrinciples of Criminal Law _bModel Questions and Suggested _cReviced by Shree,Shikshak |
||
| 250 | _a6th | ||
| 260 |
_aLalbagh Lucknow _bEast African Cook Compamy _c2013 |
||
| 300 | _aXLVIII,273p. | ||
| 650 |
_aCriminal law _xIndia |
||
| 942 |
_2lcc _cBK _e6th. _kKNS 3800 .S75 2013 C.1 |
||
| 999 |
_c15734 _d15734 |
||